Stories of Gay and Lesbian Immigration. Togheter forever?

Gespeichert in:
Bibliographische Detailangaben
1. Verfasser: Hart, John
Format: Buch
Sprache:Englisch
Veröffentlicht: Routledge 2002
Tags: Tag hinzufügen
Keine Tags, Fügen Sie das erste Tag hinzu!

MARC

LEADER 00000nam a2200000 4500
005 20240918183458.0
008 240731b |||||||| |||| 00| 0 eng d
020 |a 978-1560233848 
040 |c GP 
100 |a Hart, John 
245 |a Stories of Gay and Lesbian Immigration. Togheter forever? 
260 |b  Routledge  |c 2002 
942 |2 ddc  |c BK  |n 0 
952 |0 0  |1 0  |2 ddc  |4 0  |6 306_766000000000000_HAR  |7 1  |9 1749  |a RM  |b RM  |d 2024-07-31  |l 0  |o 306.766 HAR  |p 550  |r 2024-07-31 18:50:57  |w 2024-07-31  |y BK 
999 |c 1565  |d 1565